书目信息 |
| 题名: |
法国电影新浪潮
|
|
| 作者: | 焦雄屏 著 | |
| 分册: | ||
| 出版信息: | 南京 江苏教育出版社 2007 |
|
| 页数: | 442页 | |
| 开本: | 22m | |
| 丛书名: | 电影馆 | |
| 单 册: | ||
| 中图分类: | J905.565 | |
| 科图分类: | ||
| 主题词: | 电影--研究--法国--现代 , 电影 | |
| 电子资源: | ||
| ISBN: | 978-7-5343-6106-7 | |
| 000 | 00925nam0 2200277 450 | |
| 000 | 00931nam0 2200277 450 | |
| 000 | 00860nam0 2200253 450 | |
| 000 | 00824nam0 2200241 45 | |
| 005 | 20070515140255.87 | |
| 010 | @a978-7-5343-6106-7@dCNY38.00 | |
| 100 | @a20070307d2007 em y0chiy0120 ea | |
| 101 | 0 | @achi |
| 102 | @aCN@b320000 | |
| 105 | @aa z 000yy | |
| 200 | 1 | @a法国电影新浪潮@Afa guo dian ying xin lang chao@f焦雄屏著 |
| 210 | @a南京@c江苏教育出版社@d2007 | |
| 215 | @a442页@c图@d22m | |
| 225 | 2 | @a电影馆 |
| 330 | @a本书从新浪潮运动发生的背景谈起,讲述其流派、演变、成果,及其在世界范围内对电影制作和电影美学产生的巨大而深远的影响,并对该运动的代表人物及其代表作品作了剖析与探讨。 | |
| 410 | 0 | @12001 @a电影馆 |
| 606 | 0 | @a电影@x研究@y法国@z现代 |
| 606 | 0 | @a电影 |
| 690 | @aJ905.565@v4 | |
| 701 | 0 | @a焦雄屏@Ajiao xiong ping@4著 |
| 801 | 0 | @aCN@bTAOJIN@c20070515 |
| 905 | @a10447@dJ905.565@e194 | |
| 法国电影新浪潮/焦雄屏著.-南京:江苏教育出版社,2007 |
| 442页:图;22m.-(电影馆) |
| ISBN 978-7-5343-6106-7:CNY38.00 |
| 本书从新浪潮运动发生的背景谈起,讲述其流派、演变、成果,及其在世界范围内对电影制作和电影美学产生的巨大而深远的影响,并对该运动的代表人物及其代表作品作了剖析与探讨。 |
| ● |
| 相关链接 |
|
|
|
|
正题名:法国电影新浪潮
索取号:J905.565/194
 
预约/预借
| 序号 | 登录号 | 条形码 | 馆藏地/架位号 | 状态 | 备注 |
| 1 | 0520287 | 205202877 | 第一样本阅览室/ [索取号:J905.565/194] | 在馆 | |
| 2 | 0520288 | 205202886 | 第一借阅区/ [索取号:J905.565/194] | 在馆 | |
| 3 | 0520289 | 205202895 | 第一借阅区/ [索取号:J905.565/194] | 在馆 | |
| 4 | 0520290 | 205202902 | 第一借阅区/ [索取号:J905.565/194] | 在馆 | |
| 5 | 0520291 | 205202911 | 第一借阅区/ [索取号:J905.565/194] | 在馆 | |
| 6 | 0520292 | 205202920 | 第一借阅区/ [索取号:J905.565/194] | 在馆 | |
| 7 | 0520293 | 205202939 | 第一借阅区/ [索取号:J905.565/194] | 在馆 | |
| 8 | 0520294 | 205202948 | 第一借阅区/ [索取号:J905.565/194] | 在馆 |